Państwa, które kiedyś były częścią Prus - Statystyki

Ogólne statystyki
  • Ten quiz został rozwiązany 1 616 razy
    1 605 od ostatniego zresetowania
  • Średni wynik to 6 z 7
Statystyki odpowiedzi
Prus % Poprawnych
Polska
98%
Niemcy
88%
Czechy
86%
Dania
84%
Belgia
76%
Litwa
73%
Rosja / (Królewiec)
72%
Nie znaleziono quizów pasujących do podanych kryteriów
Rozkład punktacji
Procent ludzi z każdym wynikiem
Percentyl według liczby udzielonych odpowiedzi
Twoja historia wyników
Nie rozwiązałeś tego quizu od ostatniego zresetowania